[Event "Liga Andaluza 11/12 Fase Final Division"]
[Site "Andalucia"]
[Date "2011.12.10"]
[Round "1.4"]
[White "Osuna Vega, Enrique"]
[Black "Cordon Gutierrez, Juan Pedro"]
[Result "1-0"]
[WhiteElo "2139"]
[BlackElo "2164"]
[PlyCount "113"]
[EventDate "2011.12.10"]
[EventRounds "3"]
[EventCountry "ESP"]
[SourceTitle "OM OTB B 201907"]
[Source "Opening Master"]
[SourceDate "2019.07.06"]
[SourceVersion "2"]
[SourceVersionDate "2019.07.06"]
[SourceQuality "1"]

1. e4 e5 2. Nf3 Nc6 3. c3 d5 4. Bb5 dxe4 5. Nxe5 Qd5 6. Qa4 Nge7 7. f4 exf3 8.
Nxf3 Qe6+ 9. Kf2 Qg4 10. Re1 Qxa4 11. Bxa4 Bd7 12. d4 O-O-O 13. Ng5 Be8 14. Bb3
Na5 15. Bxf7 h6 16. Be6+ Kb8 17. Nf7 Bxf7 18. Bxf7 Nc8 19. Kg1 Bd6 20. Nd2 Rhf8
21. Bh5 c5 22. Ne4 cxd4 23. cxd4 Nc6 24. Nxd6 Rxd6 25. Be3 Nxd4 26. Rad1 Nc6
27. Bf2 Rdf6 28. Bh4 g5 29. Bg3+ Ka8 30. h3 a6 31. a3 Nb6 32. Re4 Rf5 33. Rde1
Ka7 34. Re8 R8f6 35. Bg4 Rc5 36. Bf2 Rc2 37. R8e2 Rxe2 38. Rxe2 a5 39. Re4 Rd6
40. b4 Rd5 41. Re6 axb4 42. axb4 Rb5 43. Rxh6 Rxb4 44. Rg6 Ne5 45. Rxg5 Nxg4
46. Rxg4 Rb1+ 47. Kh2 Kb8 48. Rg8+ Kc7 49. Rg7+ Kc8 50. Rg8+ Kd7 51. Rg7+ Kc8
52. h4 Nd5 53. h5 Rf1 54. h6 Nf6 55. Bd4 Rf5 56. Bxf6 Rxf6 57. h7 1-0

[Event "FICGS__CHESS__RAPID_E__000070"]
[Site "FICGS"]
[Date "2011.12.10"]
[Round "1"]
[White "Melquiades, Jay"]
[Black "Leurette, Marc-Antoine"]
[Result "0-1"]
[WhiteElo "909"]
[BlackElo "1243"]
[PlyCount "40"]
[EventDate "2011.??.??"]
[EventType "rapid"]

1. e4 e5 2. Nf3 Nc6 3. c3 Nf6 4. Ng5 Be7 5. Qb3 O-O 6. h4 h6 7. d3 d5 8. Nf3
dxe4 9. dxe4 Nxe4 10. c4 Bb4+ 11. Bd2 Bxd2+ 12. Nbxd2 Nxd2 13. Nxd2 Nd4 14. Qc3
Bf5 15. O-O-O c5 16. Nf3 Re8 17. h5 Bg4 18. Rh4 Bxf3 19. gxf3 Qxh4 20. Qb4 cxb4
0-1

[Event "Open Internacional 80 aniversari Club d"]
[Site "Mollet del Vallès (Spain)"]
[Date "2011.12.07"]
[Round "4.1"]
[White "Porta Tovar, Oriol"]
[Black "Campos Chacon, Marco"]
[Result "1-0"]
[WhiteElo "1734"]
[BlackElo "1778"]
[PlyCount "47"]
[EventDate "2011.12.04"]
[EventRounds "8"]
[EventCountry "ESP"]
[SourceTitle "OM OTB B 201907"]
[Source "Opening Master"]
[SourceDate "2019.07.06"]
[SourceVersion "2"]
[SourceVersionDate "2019.07.06"]
[SourceQuality "1"]

1. e4 e5 2. Nf3 Nc6 3. c3 f5 4. exf5 e4 5. Nd4 Nf6 6. Nxc6 dxc6 7. d4 Bd6 8.
Bc4 b5 9. Bb3 Bxf5 10. Bg5 h6 11. Bh4 g5 12. Bg3 Qd7 13. Nd2 Bg4 14. Qc2 Bf5
15. Qd1 Bg4 16. Qc1 O-O-O 17. a4 e3 18. fxe3 Bxg3+ 19. hxg3 Qd6 20. O-O Nh5 21.
Ne4 Qe7 22. Bc2 Rdf8 23. axb5 Bf5 24. Rxf5 1-0

[Event "SE-2011-0-00095"]
[Site "Lechenicher SchachServer"]
[Date "2011.12.07"]
[Round "?"]
[White "Molano, Ismael"]
[Black "Paetzold, Ortwin"]
[Result "0-1"]
[WhiteElo "1035"]
[BlackElo "1553"]
[PlyCount "28"]
[EventDate "2011.11.06"]

1. e4 e5 2. Nf3 Nc6 3. c3 d5 4. Qa4 Nf6 5. Nxe5 Bd6 6. Nxc6 bxc6 7. exd5 O-O 8.
dxc6 Qe7+ 9. Be2 Re8 10. Qd1 Ng4 11. d3 Ba6 12. Rf1 Bc5 13. Qc2 Rad8 14. c4
Bxc4 0-1

[Event "FRA-chT U20 1112"]
[Site "France"]
[Date "2011.12.04"]
[Round "2.8"]
[White "Raynaud, Alexia"]
[Black "Lepoittevin, Thomas"]
[Result "0-1"]
[WhiteElo "1401"]
[BlackElo "1350"]
[PlyCount "78"]
[EventDate "2011.12.03"]
[EventType "team-swiss"]
[EventRounds "7"]
[EventCountry "FRA"]
[SourceTitle "EXT 2013"]
[Source "ChessBase"]
[SourceDate "2012.11.22"]
[SourceVersion "1"]
[SourceVersionDate "2012.11.22"]
[SourceQuality "1"]

1. e4 e5 2. Nf3 Nc6 3. c3 Nf6 4. d4 exd4 5. e5 Qe7 6. cxd4 d6 7. Bb5 a6 8. Ba4
b5 9. Bb3 dxe5 10. O-O Qd6 11. dxe5 Qxd1 12. Rxd1 Ng4 13. h3 Ngxe5 14. Nxe5
Nxe5 15. Re1 f6 16. f4 Bb4 17. Bd2 Bc5+ 18. Kh1 Bd4 19. Bc3 Bf2 20. Re2 Bg3 21.
fxe5 fxe5 22. Bxe5 Bxe5 23. Rxe5+ Kd8 24. Nc3 Bb7 25. Bd5 c6 26. Be6 Kc7 27.
Rf1 Rhf8 28. Rxf8 Rxf8 29. Rg5 g6 30. Ne2 Rf2 31. Re5 c5 32. Re3 Rxg2 33. Rd3
Rxe2+ 34. Bd5 Bxd5+ 35. Rxd5 Kc6 36. Rd3 Rxb2 37. Ra3 Kb6 38. Kg1 b4 39. Re3
Rxa2 0-1

[Event "FRA-chT U20 1112"]
[Site "France"]
[Date "2011.12.04"]
[Round "2"]
[White "Hadji, Rasla"]
[Black "Grimaldi, Antonin"]
[Result "0-1"]
[WhiteElo "1360"]
[BlackElo "1470"]
[PlyCount "70"]
[EventDate "2011.12.03"]
[EventType "team-swiss"]
[EventRounds "7"]
[EventCountry "FRA"]
[SourceTitle "EXT 2013"]
[Source "ChessBase"]
[SourceDate "2012.11.22"]
[SourceVersion "1"]
[SourceVersionDate "2012.11.22"]
[SourceQuality "1"]

1. e4 e5 2. Nf3 Nc6 3. c3 Nf6 4. d3 d5 5. Qe2 Bg4 6. Bg5 Be7 7. Nbd2 O-O 8.
O-O-O d4 9. c4 Qd7 10. Bxf6 Bxf6 11. Rg1 Nb4 12. a3 Na6 13. g3 Qc6 14. Bg2 b5
15. b3 b4 16. a4 Nc5 17. h3 Bxf3 18. Bxf3 Bg5 19. h4 Bxd2+ 20. Qxd2 Nxb3+ 21.
Kc2 Nxd2 22. Rxd2 Qxa4+ 23. Kc1 Qa1+ 24. Kc2 Qxg1 25. g4 Rab8 26. Rd1 b3+ 27.
Kd2 Qxf2+ 28. Be2 Qe3+ 29. Ke1 b2 30. Rb1 Qc1+ 31. Rxc1 bxc1=Q+ 32. Kf2 Rb2 33.
Kf3 Qe3+ 34. Kg2 Qxe2+ 35. Kh3 Qxd3# 0-1

[Event "SVK-chT2C 1112"]
[Site "Slovakia"]
[Date "2011.12.03"]
[Round "5.8"]
[White "Borgula, Ivan"]
[Black "Luptak, Pavel"]
[Result "0-1"]
[WhiteElo "1902"]
[BlackElo "1841"]
[PlyCount "105"]
[EventDate "2011.10.08"]
[EventType "team-tourn"]
[EventRounds "11"]
[EventCountry "SVK"]
[SourceTitle "EXT 2013"]
[Source "ChessBase"]
[SourceDate "2012.11.22"]
[SourceVersion "1"]
[SourceVersionDate "2012.11.22"]
[SourceQuality "1"]
[WhiteTeam "Banska Bystrica Veza"]
[BlackTeam "Zvolen Slavia"]
[WhiteTeamCountry "SVK"]
[BlackTeamCountry "SVK"]

1. e4 e5 2. Nf3 Nc6 3. c3 Nf6 4. Bd3 Be7 5. O-O d6 6. h3 O-O 7. Bc2 h6 8. a3 d5
9. d3 dxe4 10. dxe4 Qxd1 11. Rxd1 Be6 12. b4 b5 13. Kh2 a5 14. Bb2 a4 15. Nbd2
Rfd8 16. c4 bxc4 17. Nxe5 Nxe5 18. Bxe5 Bd6 19. Bg3 Bxg3+ 20. Kxg3 c3 21. Nf1
Bb3 22. Rdc1 Bxc2 23. Rxc2 Nxe4+ 24. Kf3 Rd4 25. Rac1 Rad8 26. Ke2 Re8 27. f3
Nd2+ 28. Kf2 Nb3 29. Rb1 Rd3 30. Re1 Red8 31. Rb1 Nd4 32. Ra2 c2 33. Rc1 Rd1
34. Rcxc2 Nxc2 35. Rxc2 R8d7 36. Ke2 R1d3 37. Rxc7 Rxc7 38. Kxd3 Kf8 39. Ne3
Rc1 40. b5 Ke8 41. Nc2 Kd7 42. Ne3 Kd6 43. Kd4 Kc7 44. Nc4 Rg1 45. Kc5 Rxg2 46.
Kb4 Rc2 47. Na5 Rf2 48. Kxa4 Rxf3 49. Nc4 Rxh3 50. Ka5 Rc3 51. b6+ Kb8 52. Kb5
Rxc4 53. Kxc4 0-1

[Event "MVP-ch Seniors op 11th"]
[Site "Binz"]
[Date "2011.12.03"]
[Round "4.74"]
[White "Koehler, Marianne"]
[Black "Vogel, Wolfgang"]
[Result "0-1"]
[WhiteElo "1385"]
[BlackElo "1550"]
[PlyCount "96"]
[EventDate "2011.11.30"]
[EventType "swiss"]
[EventRounds "9"]
[EventCountry "GER"]
[SourceTitle "EXT 2013"]
[Source "ChessBase"]
[SourceDate "2012.11.22"]
[SourceVersion "1"]
[SourceVersionDate "2012.11.22"]
[SourceQuality "1"]

1. e4 e5 2. Nf3 Nc6 3. c3 Nf6 4. d3 Be7 5. Be2 O-O 6. O-O d6 7. Ne1 Ne8 8. f4
exf4 9. Bxf4 Bg5 10. Qc1 Bf6 11. d4 Qe7 12. Bd3 Bd7 13. Nd2 g5 14. Be3 g4 15.
Nb3 Kh8 16. Bf4 Nd8 17. Qe3 Ne6 18. Qe2 Nxf4 19. Rxf4 Bg5 20. Rf1 c6 21. g3 Nc7
22. Ng2 Rae8 23. Qc2 f6 24. Rae1 Qg7 25. c4 b6 26. d5 c5 27. Nc1 Na6 28. a3 Re5
29. Ne2 Nc7 30. Nc3 h5 31. Qf2 Qh6 32. Nh4 Bxh4 33. gxh4 Ne8 34. Qe3 Qxe3+ 35.
Rxe3 f5 36. Rg3 f4 37. Rg2 f3 38. Rgf2 Nf6 39. Kh1 Kg7 40. h3 Kh6 41. Rg1 a6
42. Kh2 b5 43. cxb5 axb5 44. Bxb5 Bxb5 45. Nxb5 Nxe4 46. Rc2 g3+ 47. Rxg3 Nxg3
48. Kxg3 Re2 0-1

[Event "FRA-chT U20 1112"]
[Site "France"]
[Date "2011.12.03"]
[Round "1.8"]
[White "Raynaud, Alexia"]
[Black "Gillard, Martin"]
[Result "1-0"]
[WhiteElo "1401"]
[BlackElo "1230"]
[PlyCount "109"]
[EventDate "2011.12.03"]
[EventType "team-swiss"]
[EventRounds "7"]
[EventCountry "FRA"]
[SourceTitle "EXT 2013"]
[Source "ChessBase"]
[SourceDate "2012.11.22"]
[SourceVersion "1"]
[SourceVersionDate "2012.11.22"]
[SourceQuality "1"]

1. e4 e5 2. Nf3 Nc6 3. c3 Nf6 4. d4 exd4 5. e5 Nd5 6. cxd4 d6 7. Bc4 Nb6 8. Bb5
Bd7 9. Bf4 a6 10. Bd3 dxe5 11. Nxe5 Qe7 12. Qe2 Nxd4 13. Qe3 Nc6 14. O-O Qc5
15. Qxc5 Bxc5 16. Re1 O-O 17. Nxd7 Nxd7 18. Bxc7 Nf6 19. Nc3 Ng4 20. Ne4 Bd4
21. Rab1 f5 22. Bc4+ Kh8 23. Be6 fxe4 24. Bxg4 Bxf2+ 25. Kh1 Bxe1 26. Rxe1 h6
27. h3 Rae8 28. Bh5 Re6 29. Bg4 Ref6 30. Rxe4 R6f7 31. Bg3 Re8 32. Rxe8+ Kh7
33. Bf3 Nd4 34. Be4+ g6 35. Be5 Rg7 36. Bxd4 h5 37. Bxg7 Kxg7 38. Re7+ Kf6 39.
Rxb7 g5 40. Rb6+ Ke5 41. Bg6 h4 42. Rxa6 Kf4 43. b4 g4 44. hxg4 Kxg4 45. b5 Kf4
46. b6 Ke5 47. b7 Kd4 48. b8=Q Kc4 49. Qf4+ Kc3 50. Ra3+ Kb2 51. Qb4+ Kc1 52.
Qc3+ Kd1 53. Rb3 Ke2 54. Rb2+ Kf1 55. Qc1# 1-0

[Event "AUT-chT2M 1112"]
[Site "Austria"]
[Date "2011.12.02"]
[Round "4.1"]
[White "Stevic, Hrvoje"]
[Black "Neubauer, Martin"]
[Result "1-0"]
[WhiteElo "2621"]
[BlackElo "2431"]
[PlyCount "21"]
[EventDate "2011.10.21"]
[EventType "team-tourn"]
[EventRounds "11"]
[EventCountry "AUT"]
[SourceTitle "EXT 2013"]
[Source "ChessBase"]
[SourceDate "2012.11.22"]
[SourceVersion "1"]
[SourceVersionDate "2012.11.22"]
[SourceQuality "1"]
[WhiteTeam "Wolfsberg"]
[BlackTeam "St Veit/Glan"]
[WhiteTeamCountry "AUT"]
[BlackTeamCountry "AUT"]

1. e4 e5 2. Nf3 Nc6 3. c3 Nf6 4. d4 Nxe4 5. d5 Ne7 6. Nxe5 Ng6 7. Nxg6 hxg6 8.
Bd3 Nf6 9. c4 Bb4+ 10. Kf1 d6 11. Qa4+ 1-0

[Event "MVP-ch Seniors op 11th"]
[Site "Binz"]
[Date "2011.12.02"]
[Round "3.67"]
[White "Gottschalk, Juergen"]
[Black "Thielemann, Joachim"]
[Result "0-1"]
[WhiteElo "1336"]
[BlackElo "1634"]
[PlyCount "86"]
[EventDate "2011.11.30"]
[EventType "swiss"]
[EventRounds "9"]
[EventCountry "GER"]
[SourceTitle "EXT 2013"]
[Source "ChessBase"]
[SourceDate "2012.11.22"]
[SourceVersion "1"]
[SourceVersionDate "2012.11.22"]
[SourceQuality "1"]

1. e4 e5 2. Nf3 Nc6 3. c3 Bc5 4. Bc4 Nf6 5. d4 exd4 6. e5 d5 7. Bb5 Ne4 8. cxd4
Bb4+ 9. Nbd2 O-O 10. Bxc6 bxc6 11. O-O Bg4 12. a3 Bxd2 13. Bxd2 Re8 14. Bf4 g5
15. Be3 f5 16. Qc2 f4 17. Bc1 Qd7 18. Ne1 Bf5 19. Qe2 Nd6 20. Qh5 Nf7 21. Qd1
c5 22. dxc5 Rxe5 23. b4 Rae8 24. Bb2 Re4 25. Qb3 Rc4 26. Nf3 Bc2 27. Qa2 Ba4
28. Nd4 Re4 29. Nf3 Rc2 30. Rac1 Ree2 31. Rxc2 Rxc2 32. h3 c6 33. Rc1 Qf5 34.
Nd4 Rxc1+ 35. Bxc1 Qd3 36. Qb2 Ne5 37. Qd2 Qc4 38. Qb2 Qd3 39. Qd2 Qc4 40. Nf5
Nd3 41. Nh6+ Kg7 42. Nf5+ Kf6 43. Kh2 Kxf5 0-1

[Event "55. LSS No Engine Cup Preliminary 6"]
[Site "Lechenicher SchachServer"]
[Date "2011.12.02"]
[Round "?"]
[White "Jaszczowski, Zdzislaw"]
[Black "Torfs, Gert"]
[Result "0-1"]
[WhiteElo "859"]
[BlackElo "860"]
[PlyCount "70"]
[EventDate "2011.12.03"]

1. e4 e5 2. Nf3 Nc6 3. c3 d5 4. exd5 Qxd5 5. c4 Qe4+ 6. Be2 Bg4 7. d3 Bb4+ 8.
Bd2 Bxd2+ 9. Qxd2 Qg6 10. Nc3 O-O-O 11. O-O-O Bxf3 12. Bxf3 Nb4 13. Nd5 Nxa2+
14. Kb1 Qa6 15. Qc2 c6 16. Qb3 cxd5 17. Bxd5 f6 18. Qxa2 Qxa2+ 19. Kxa2 Ne7 20.
Be6+ Kb8 21. Rhe1 Rd6 22. Bg4 Ng6 23. b4 Rhd8 24. Re3 Nf4 25. g3 Nxd3 26. Rb1
Nxf2 27. Bf3 Rd3 28. Rxd3 Nxd3 29. c5 Rd4 30. c6 Nxb4+ 31. Kb2 Nxc6 32. Bxc6
Rb4+ 33. Kc2 Rxb1 34. Kxb1 bxc6 35. Kb2 Kc7 0-1

[Event "Belgrade Trophy 25th"]
[Site "Obrenovac"]
[Date "2011.11.30"]
[Round "7"]
[White "Savic, Dragan"]
[Black "Brakus, Dragan"]
[Result "1-0"]
[WhiteElo "2140"]
[BlackElo "1989"]
[PlyCount "37"]
[EventDate "2011.11.24"]
[EventType "swiss"]
[EventRounds "9"]
[EventCountry "YUG"]
[SourceTitle "CBM 145 Extra"]
[Source "ChessBase"]
[SourceDate "2012.01.03"]
[SourceVersion "1"]
[SourceVersionDate "2012.01.03"]
[SourceQuality "1"]

1. e4 e5 2. Nf3 Nc6 3. c3 d5 4. Bb5 Qd6 5. d4 exd4 6. Qxd4 Bd7 7. Qxd5 Qg6 8.
Ne5 Nxe5 9. Qxe5+ Ne7 10. Bxd7+ Kxd7 11. O-O Nc6 12. Qd5+ Bd6 13. Bf4 Rae8 14.
Bxd6 cxd6 15. Nd2 Re5 16. Qd3 f5 17. exf5 Rxf5 18. Nc4 Re8 19. Nxd6 1-0

[Event "Team match"]
[Site "http://gameknot.com/chess.pl?"]
[Date "2011.11.27"]
[Round "?"]
[White "Bobscales"]
[Black "Doradoradora"]
[Result "1/2-1/2"]
[WhiteElo "2235"]
[BlackElo "2240"]
[PlyCount "108"]
[EventDate "2011.??.??"]
[SourceTitle "OM Portal C 201906"]
[Source "Opening Master"]
[SourceDate "2019.06.27"]
[SourceVersion "1"]
[SourceVersionDate "2019.06.27"]
[SourceQuality "1"]

1. e4 e5 2. Nf3 Nc6 3. c3 Nf6 4. d4 Nxe4 5. d5 Nb8 6. Nxe5 Qe7 7. Qd4 Nf6 8.
Be3 c5 9. dxc6 Nxc6 10. Nxc6 dxc6 11. Nd2 Qc7 12. Bc4 b5 13. Bb3 c5 14. Qh4 Be7
15. Bf4 Qb7 16. O-O O-O 17. Bc2 Rd8 18. Rfe1 Be6 19. Nf3 h6 20. Bxh6 gxh6 21.
Qxh6 Rd5 22. Rxe6 fxe6 23. Ng5 Rxg5 24. Qxg5+ Kf8 25. Qh6+ Kf7 26. Qg6+ Kf8 27.
Re1 Qd5 28. g4 Qd2 29. Re3 Qc1+ 30. Kg2 Nd5 31. Qh6+ Ke8 32. Rxe6 Qxh6 33. Rxh6
Rd8 34. Be4 Nf6 35. Bg6+ Kf8 36. g5 Ng4 37. Rh8+ Kg7 38. Rxd8 Bxd8 39. Bf5 Ne5
40. h4 c4 41. Kg3 Nd3 42. b3 Be7 43. bxc4 bxc4 44. Kf3 Ne5+ 45. Ke4 Nd3 46. Kd4
Nf4 47. Be4 Bd8 48. Ke3 Ng6 49. Bxg6 Kxg6 50. f4 Kh5 51. Kd4 Kxh4 52. Kxc4 Kg4
53. g6 Bf6 54. Kb5 Bxc3 1/2-1/2

[Event "corr RemoteschachCiF-7er/0085"]
[Site "www.remoteschach.de"]
[Date "2011.11.24"]
[Round "?"]
[White "Tortoza, Carlos Alberto"]
[Black "Bianchi de Moura, Fabio"]
[Result "0-1"]
[WhiteElo "1787"]
[BlackElo "1857"]
[PlyCount "84"]
[EventDate "2011.??.??"]
[EventType "tourn (corr)"]
[SourceTitle "OM Corr 202003"]
[Source "Opening Master"]
[SourceDate "2019.05.30"]
[SourceVersion "2"]
[SourceVersionDate "2019.05.30"]
[SourceQuality "1"]

1. e4 e5 2. c3 Nc6 3. Nf3 Nf6 4. d3 Bc5 5. d4 exd4 6. cxd4 Bb4+ 7. Bd2 Nxe4 8.
Bxb4 Nxb4 9. a3 Nc6 10. Bb5 Qe7 11. O-O O-O 12. Bxc6 bxc6 13. Nbd2 d5 14. Ne5
Bb7 15. f4 f5 16. Ndf3 Qd6 17. Qb3 Rfb8 18. Qc2 c5 19. b3 Ba6 20. Rfd1 Rb6 21.
Rdb1 cxd4 22. Nxd4 g6 23. b4 Rc8 24. Ndc6 d4 25. Qb3+ Kg7 26. Qf7+ Kh6 27. Rf1
Bxf1 28. Rxf1 Rxc6 29. Nxc6 Qxc6 30. Qe7 Re8 31. Qg5+ Nxg5 32. fxg5+ Kxg5 33.
h4+ Kg4 34. Rf3 Re1+ 35. Rf1 Rxf1+ 36. Kxf1 d3 37. Ke1 Qc1+ 38. Kf2 d2 39. h5
f4 40. g3 Qe1+ 41. Kg2 f3+ 42. Kh2 Qf2+ 0-1

[Event "WC-2011-F-00002"]
[Site "LSS email"]
[Date "2011.11.23"]
[Round "?"]
[White "Cornel, Matei"]
[Black "Barnsley, Anthony R"]
[Result "1/2-1/2"]
[WhiteElo "2375"]
[BlackElo "2382"]
[PlyCount "47"]
[EventDate "2011.12.01"]
[EventType "tourn (corr)"]
[EventRounds "14"]
[SourceTitle "OM Corr 202003"]
[Source "Opening Master"]
[SourceDate "2019.05.30"]
[SourceVersion "2"]
[SourceVersionDate "2019.05.30"]
[SourceQuality "1"]

1. e4 e5 2. Nf3 Nc6 3. c3 d5 4. Qa4 f6 5. d3 Nge7 6. Be2 Be6 7. Be3 Nc8 8. exd5
Nb6 9. Qb3 Qxd5 10. c4 Qd7 11. O-O O-O-O 12. a4 Bb4 13. Na3 Qe7 14. Nc2 Nd5 15.
a5 Nxe3 16. fxe3 a6 17. d4 exd4 18. Nfxd4 Nxd4 19. exd4 Bd6 20. Rfe1 Qd7 21.
Bf3 c6 22. Ne3 Kb8 23. d5 cxd5 24. Nxd5 1/2-1/2

[Event "Wch U12"]
[Site "Caldas Novas"]
[Date "2011.11.20"]
[Round "3"]
[White "Sevgi, Volkan"]
[Black "Porta Campos, Nicolas"]
[Result "1-0"]
[WhiteElo "1934"]
[BlackElo "1704"]
[PlyCount "79"]
[EventDate "2011.11.18"]
[EventType "swiss"]
[EventRounds "9"]
[EventCountry "BRA"]
[SourceTitle "EXT 2013"]
[Source "ChessBase"]
[SourceDate "2012.11.22"]
[SourceVersion "1"]
[SourceVersionDate "2012.11.22"]
[SourceQuality "1"]

1. e4 e5 2. Nf3 Nc6 3. c3 Nf6 4. d4 exd4 5. e5 Nd5 6. cxd4 Bb4+ 7. Bd2 Bxd2+ 8.
Qxd2 O-O 9. Nc3 Nxc3 10. bxc3 d6 11. exd6 Qxd6 12. Be2 Re8 13. O-O Bg4 14. Rfe1
Rad8 15. Rad1 Ne7 16. h3 Be6 17. c4 c6 18. Bd3 Bf5 19. Bxf5 Nxf5 20. Rxe8+ Rxe8
21. Qa5 g6 22. Qxa7 Qb4 23. Qc5 Qxc5 24. dxc5 Re4 25. Rd8+ Kg7 26. g4 Nh6 27.
Nd2 Re1+ 28. Kg2 Ra1 29. Ra8 Rd1 30. Ne4 Rd7 31. g5 Re7 32. gxh6+ Kxh6 33. Nd6
Kg5 34. Ra7 Kf4 35. Rxb7 Re5 36. Rxf7+ Kg5 37. f4+ Kh4 38. fxe5 h5 39. Rf4+ Kg5
40. Kf3 1-0

[Event "FICGS__CHESS__CLASS_F__000103"]
[Site "FICGS"]
[Date "2011.11.20"]
[Round "1"]
[White "Melquiades, Jay"]
[Black "Jefferis, Des"]
[Result "0-1"]
[WhiteElo "909"]
[BlackElo "1186"]
[PlyCount "66"]
[EventDate "2011.??.??"]

1. e4 e5 2. Nf3 Nc6 3. c3 Nf6 4. Bb5 d6 5. d3 Bd7 6. h3 Be7 7. Bg5 O-O 8. Nbd2
a6 9. Ba4 b5 10. d4 bxa4 11. dxe5 Nxe5 12. Nxe5 dxe5 13. b3 axb3 14. Nxb3 Nxe4
15. Be3 Nxc3 16. Qc2 Nb5 17. Na5 c6 18. Nc4 f6 19. a4 Nd6 20. Nxd6 Bxd6 21. Bc5
Bxc5 22. Rc1 Bb4+ 23. Kf1 c5 24. g4 a5 25. Rg1 Qe8 26. Qc4+ Qf7 27. g5 Qxc4+
28. Rxc4 Bxa4 29. Rcg4 fxg5 30. Rxg5 Bb5+ 31. Kg2 a4 32. Kh2 Rf7 33. h4 a3 0-1

[Event "Roncana op-C 5th"]
[Site "Santa Eulalia de Roncana"]
[Date "2011.11.19"]
[Round "7"]
[White "Salinas Garcia, Pau"]
[Black "Rius Riu, Gerard"]
[Result "1-0"]
[WhiteElo "1780"]
[BlackElo "1711"]
[PlyCount "32"]
[EventDate "2011.10.01"]
[EventType "swiss"]
[EventRounds "8"]
[EventCountry "ESP"]
[SourceTitle "EXT 2013"]
[Source "ChessBase"]
[SourceDate "2012.11.22"]
[SourceVersion "1"]
[SourceVersionDate "2012.11.22"]
[SourceQuality "1"]

1. e4 e5 2. Nf3 Nc6 3. c3 g6 4. d4 d6 5. dxe5 dxe5 6. Qxd8+ Kxd8 7. Bc4 f6 8.
O-O Nge7 9. Be3 Na5 10. Rd1+ Bd7 11. Be6 c6 12. Rxd7+ Kc8 13. Rxe7+ Kd8 14.
Rd7+ Ke8 15. b4 Nc4 16. Rxb7 Rd8 1-0

[Event "Wch U10"]
[Site "Caldas Novas"]
[Date "2011.11.19"]
[Round "2"]
[White "Szymanowski, Igor"]
[Black "Brinovec, David"]
[Result "1-0"]
[WhiteElo "1580"]
[BlackElo "1821"]
[PlyCount "55"]
[EventDate "2011.11.18"]
[EventType "swiss"]
[EventRounds "9"]
[EventCountry "BRA"]
[SourceTitle "EXT 2013"]
[Source "ChessBase"]
[SourceDate "2012.11.22"]
[SourceVersion "1"]
[SourceVersionDate "2012.11.22"]
[SourceQuality "1"]

1. e4 e5 2. Nf3 Nc6 3. c3 Nf6 4. d4 exd4 5. e5 Nd5 6. cxd4 Bb4+ 7. Bd2 O-O 8.
Bxb4 Ndxb4 9. Nc3 d6 10. a3 Na6 11. b4 Nab8 12. b5 Ne7 13. Be2 Bg4 14. O-O dxe5
15. Nxe5 Bxe2 16. Nxe2 Nd7 17. f4 Nxe5 18. fxe5 Nd5 19. Rf3 Qd7 20. Qd3 Rac8
21. Raf1 c6 22. Rh3 h6 23. Ng3 cxb5 24. Nf5 Rc3 25. Qe4 Rxh3 26. gxh3 Nc3 27.
Qg4 Ne2+ 28. Kf2 1-0

[Event "Wch U18 Girls"]
[Site "Caldas Novas"]
[Date "2011.11.19"]
[Round "2"]
[White "Enxtuul, Altanolzii"]
[Black "Kantor, Reka"]
[Result "1-0"]
[WhiteElo "2183"]
[BlackElo "1972"]
[PlyCount "94"]
[EventDate "2011.11.18"]
[EventType "swiss"]
[EventRounds "9"]
[EventCountry "BRA"]
[SourceTitle "EXT 2013"]
[Source "ChessBase"]
[SourceDate "2012.11.22"]
[SourceVersion "1"]
[SourceVersionDate "2012.11.22"]
[SourceQuality "1"]

1. e4 e5 2. Nf3 Nc6 3. c3 Nf6 4. d4 exd4 5. e5 Nd5 6. Qb3 Nb6 7. cxd4 d5 8. Be2
Be7 9. Nc3 O-O 10. Bf4 Bg4 11. Rd1 Qd7 12. O-O Nd8 13. h3 Bh5 14. Nh2 Bxe2 15.
Nxe2 c6 16. Qg3 Kh8 17. Bc1 Ne6 18. Nf4 Nxf4 19. Qxf4 Qe6 20. Ng4 Nd7 21. Rde1
Qg6 22. e6 fxe6 23. Qc7 Rad8 24. Qxb7 h5 25. Ne5 Nxe5 26. Rxe5 Bf6 27. Rxe6 Qf5
28. Re2 Bxd4 29. Qxc6 Rc8 30. Qa4 Bxf2+ 31. Rexf2 Qxf2+ 32. Rxf2 Rxc1+ 33. Kh2
Rxf2 34. Qe8+ Kh7 35. Qxh5+ Kg8 36. Qxd5+ Kh7 37. Qd3+ Kg8 38. Qd8+ Rf8 39.
Qd5+ Rf7 40. b4 Rcc7 41. b5 Rb7 42. a4 Kh8 43. h4 Rfd7 44. Qh5+ Kg8 45. Qe8+
Kh7 46. Qh5+ Kg8 47. a5 Rf7 1-0

[Event "ZN-2011-0-01765"]
[Site "Lechenicher SchachServer"]
[Date "2011.11.19"]
[Round "?"]
[White "Newton, Daryl"]
[Black "Ramella, Mariano"]
[Result "0-1"]
[WhiteElo "602"]
[BlackElo "800"]
[PlyCount "64"]
[EventDate "2011.11.11"]

1. e4 e5 2. Nf3 Nc6 3. c3 Nf6 4. b4 d6 5. Qb3 Be6 6. Bc4 Bxc4 7. Qxc4 h6 8. d4
exd4 9. cxd4 d5 10. exd5 Nxd5 11. a3 Nb6 12. Qe2+ Qe7 13. Be3 O-O-O 14. O-O Nd5
15. Re1 Nxe3 16. fxe3 Qf6 17. Nc3 Bd6 18. Ne4 Qg6 19. Nxd6+ Rxd6 20. b5 Ne7 21.
a4 b6 22. a5 Kb7 23. Ne5 Qe6 24. a6+ Kb8 25. Qf3 c6 26. Rac1 Rc8 27. Qg3 Ka8
28. Qxg7 cxb5 29. Nxf7 Rdc6 30. Nxh6 Rxc1 31. Rf1 Qxe3+ 32. Kh1 Rxf1# 0-1

[Event "79th GK tournament"]
[Site "http://gameknot.com/chess.pl?"]
[Date "2011.11.18"]
[Round "?"]
[White "Locathah"]
[Black "Pestoduro"]
[Result "0-1"]
[WhiteElo "2128"]
[BlackElo "2451"]
[PlyCount "114"]
[EventDate "2011.??.??"]
[SourceTitle "OM Portal C 201906"]
[Source "Opening Master"]
[SourceDate "2019.06.27"]
[SourceVersion "1"]
[SourceVersionDate "2019.06.27"]
[SourceQuality "1"]

1. e4 e5 2. Nf3 Nc6 3. c3 Nf6 4. d4 Nxe4 5. d5 Ne7 6. Nxe5 Ng6 7. Qf3 Nf6 8.
Nxg6 hxg6 9. Be3 Rh5 10. c4 Bb4+ 11. Nd2 d6 12. Qd1 Bc5 13. Bxc5 dxc5 14. Be2
Re5 15. O-O Qd6 16. Re1 Bd7 17. Nf3 Re7 18. Bd3 c6 19. Rxe7+ Kxe7 20. Qe2+ Kf8
21. Qe5 Qxe5 22. Nxe5 cxd5 23. cxd5 Bf5 24. Bc4 Re8 25. f4 Rd8 26. d6 Rxd6 27.
Bxf7 Nd7 28. Rf1 b5 29. h4 Ke7 30. h5 Nxe5 31. fxe5 Rc6 32. Bd5 Rc8 33. hxg6
Bxg6 34. Rf3 Rd8 35. Bc6 Bd3 36. Kf2 b4 37. Ke3 c4 38. Rg3 g6 39. Be4 Bxe4 40.
Kxe4 Rd2 41. Rxg6 Rxb2 42. Rg7+ Ke6 43. Rxa7 c3 44. Ra6+ Kd7 45. e6+ Ke7 46.
Ke5 Re2+ 47. Kf5 Rd2 48. Ra7+ Kd6 49. Ra6+ Kd5 50. Ra5+ Kd4 51. Ra8 Rf2+ 52.
Kg6 Rxg2+ 53. Kf7 Rf2+ 54. Kg6 c2 55. Rc8 Kd3 56. e7 Re2 57. Kf7 Kd2 0-1